Fr. Conceicao Rodrigues College of Engineering

Discrete Mathematics:Elementary and beyond (Record no. 20616)

MARC details
000 -LEADER
fixed length control field 00388nam a2200169Ia 4500
082 ## - DEWEY DECIMAL CLASSIFICATION NUMBER
Classification number 515.62/LOV
Item number LOV
100 ## - MAIN ENTRY--PERSONAL NAME
Personal name Lovasz/L
245 ## - TITLE STATEMENT
Title Discrete Mathematics:Elementary and beyond
260 ## - PUBLICATION, DISTRIBUTION, ETC.
Name of publisher, distributor, etc. Springer
Place of publication, distribution, etc. New Delhi
Date of publication, distribution, etc. 2003
366 ## - TRADE AVAILABILITY INFORMATION
Publishers's discount category 20
300 ## - PHYSICAL DESCRIPTION
Extent 290
546 ## - LANGUAGE NOTE
Language note ENGLISH
650 ## - SUBJECT ADDED ENTRY--TOPICAL TERM
Topical term or geographic name entry element Discrete Mathematics
654 ## - SUBJECT ADDED ENTRY--FACETED TOPICAL TERMS
Focus term discrete mathematics
942 ## - ADDED ENTRY ELEMENTS (KOHA)
Koha item type BOOK
Holdings
Withdrawn status Lost status Damaged status Not for loan Collection Home library Current library Date acquired Source of acquisition Cost, normal purchase price Inventory number Total Checkouts Full call number Barcode Date last seen Cost, replacement price Price effective from Koha item type
        CRC Fr. Agnel's C.Rodrigues College of Engineering Fr. Agnel's C.Rodrigues College of Engineering 17/03/2023 Ane Books India 260.00 355   515.62/LOV LOV 18689 17/03/2023 325.00   BOOK